书目信息 |
| 题名: |
中世纪教育文选
|
|
| 作者: | 吴元训 编 | |
| 分册: | ||
| 出版信息: | 北京 人民教育出版社 1989 |
|
| 页数: | 765页 | |
| 开本: | 20cm | |
| 丛书名: | 外国教育名著丛书 | |
| 单 册: | ||
| 中图分类: | G40-091 | |
| 科图分类: | ||
| 主题词: | 教育学 | |
| 电子资源: | ||
| ISBN: | 7-107-10387-3 | |
| 000 | 00665nam2 2200229 45 | |
| 001 | 0404290939 | |
| 005 | 20040429091245.4 | |
| 010 | @a7-107-10387-3@b精装@dCNY11.60 | |
| 010 | @a7-107-10386-5@b平装@d11.60元 | |
| 100 | @a20040429d1989 km y0chiy0120 ea | |
| 101 | 0 | @achi |
| 105 | @ac z 000yy | |
| 200 | 1 | @a中世纪教育文选@AZhong Shi Ji Jiao Yu Wen Xuan@f吴元训编@FWu Yuan Xun Bian |
| 210 | @a北京@c人民教育出版社@d1989 | |
| 215 | @a765页@c肖像@d20cm | |
| 225 | @a外国教育名著丛书 | |
| 410 | @12001 @a外国教育名著丛书 | |
| 606 | 0 | @a教育学 |
| 690 | @aG40-091@v3 | |
| 701 | 0 | @a吴元训@4编 |
| 801 | @aCN@bTSTCL@c20040429 | |
| 905 | @f1@b231791@dG40-091@e138 | |
| 中世纪教育文选/吴元训编.-北京:人民教育出版社,1989 |
| 765页:肖像;20cm.-(外国教育名著丛书) |
| ISBN 7-107-10387-3(精装):CNY11.60 |
| ● |
| 相关链接 |
|
|
|
|
正题名:中世纪教育文选
索取号:G40-091/138
 
预约/预借
| 序号 | 登录号 | 条形码 | 馆藏地/架位号 | 状态 | 备注 |
| 1 | 0231791 | 000266937 | 第四借阅区/ [索取号:G40-091/138] | 在馆 | |
| 2 | 0231792 | 002064250 | 第一样本阅览室/ [索取号:G40-091/138] | 在馆 |